Волколамското шосе (Запис номер 125451)
[ съкратено ]
| 000 -Лидер | |
|---|---|
| Контролно поле с фиксирана дължина | 01280nam a2200313 c 4500 |
| 003 - Код на организацията, давaща контролен номер | |
| Контролно поле | BLK |
| 005 - Дата и час на последна редакция | |
| Контролно поле | 20250430120023.0 |
| 008 - Елементи от данни с фиксирана дължина | |
| fixed length control field | 180409b bul|||||r ||||||| ||bul|| |
| 010 ## - Наследен системен номер | |
| LC control number | KNG00131121000 |
| 040 ## - Източник на каталожния запис | |
| Идентификатор на билиотеката - собственик на записа | BLK |
| 041 ## - Код за език | |
| Код за езика на текст/звукозапис или на отделно заглавие | Български |
| Код за езика КДБФ | Български |
| 080 ## - УДК | |
| Текстов определител УДК | Руска литература |
| УДК код - определител по УДК | 821.161.1 |
| УДК определител | -31 |
| УДК - код + определител | 821.161.1-31 |
| 100 1# - Редна дума - Автор | |
| Автор | Бек, Александър Алфредович |
| Авторска отговорност | първи автор |
| R(LIN) | 319424 |
| 139 ## - Редно поле | |
| Редна дума | Бек, Александър Алфредович |
| Авторски знак | Без - Б 32 |
| 245 10 - Сведения за заглавието | |
| Заглавие | Волколамското шосе |
| Подзаглавни данни | Роман |
| Редно поле (дума) | Александър Алфредович Бек; прев. от рус. Сидер Флорин. |
| 257 ## - Страна на издаване | |
| Страна на създаване/издаване | СССР |
| 260 ## - Област на издателските данни | |
| -- | София |
| Име на издателя, разпространителя и проч. | Държ. воен. изд. |
| Година на издаване | 1962 |
| 300 ## - Физическа характеристика | |
| Страници | 656 с. |
| Размери/Мащаб | 21 см |
| 380 ## - Жанр | |
| Жанр | Худож. лит. |
| 490 1# - СЕРИИ (Колекции) | |
| Име на серия | Военни романи |
| 500 ## - Общи забележки | |
| Забележка | Авт. не е отбелязан на кор. - 16 300 тир. |
| 700 1# - Други автори (авторска отговорност) | |
| Лично име | Флорин, Сидер Петров |
| Дати, свързани с автора | 1912-1999 |
| Друга информация | Преводач от руски и английски език |
| 9 (RLIN) | 134445 |
| 852 ## - Местоположение | |
| Форматна сигнатура | Цб 22187 |
| 856 4# - Електронен адрес и достъп | |
| Електронен формат | pdf - файл |
| Път до файла /url/ | |
| 856 4# - Електронен адрес и достъп | |
| Електронен формат | pdf - файл |
| Път до файла /url/ | |
| 942 ## - АРТИКУЛИ | |
| Вид на библиотечния материал | Книги |
| Скрит в OPAC | Не |
| 944 ## - СЪЗДАВАНЕ И РЕДАКЦИЯ на ЗАПИСА | |
| Създаване/Редакция | Създаване |
| Дата на регистрацията/редакция | 05.06.2012 |
| Статус, дата на статуса | Геновева Генчева |
| Служител, извършил регистрацията/редакцията | 30560 |
| 944 ## - СЪЗДАВАНЕ И РЕДАКЦИЯ на ЗАПИСА | |
| Създаване/Редакция | Редакция |
| Дата на регистрацията/редакция | 05.06.2012 |
| Статус, дата на статуса | 05.06.2012 - от С1,Р / 05.06.2012 |
| Служител, извършил регистрацията/редакцията | |
| 999 ## - СИСТЕМНИ КОНТРОЛНИ НОМЕРА | |
| Koha biblionumber | 125451 |
| Koha biblioitemnumber | 125451 |
| Код за отписване | Код за изгубен артикул | Източник на класификационната схема | Код за повреда | Коз за рестрикции | Код за отдаване | Артикулен № | Име на библиотеката - собственик | Име на библиотеката, в която се намира в момента | Статус (Текущо местоположение) | Дата на вписване в системата | Местоположение - отдел | Цена в лева | Инвентарен номер | Систематично азбучна сигнатура | Баркод | Номер на екземпляра | Цена в евро | Служебна бележка | Служебен тип на артикула |
|---|---|---|---|---|---|---|---|---|---|---|---|---|---|---|---|---|---|---|---|
| Не е изгубен | Universal Decimal Classification | Не е повреден | без рестрикции | ползва се в читалня | 204048 | Регионална библиотека "Любен Каравелов" Русе | Регионална библиотека "Любен Каравелов" Русе | Хранилище | 1962-01-01 | Хранилище | 2.05 | 7265/62 | Цб 22187 | 900000088289 | 1 | 1.05 | N: стар фонд Дата: 01.01.1962 | Книги | |
| Изтеглен | Не е изгубен | Universal Decimal Classification | Не е повреден | без рестрикции | заемане за дома | 204049 | Регионална библиотека "Любен Каравелов" Русе | Регионална библиотека "Любен Каравелов" Русе | Заемна - подръчен фонд | 1962-01-01 | Заемна - подръчен фонд | 0.00 | 6153/62 | П 882-31/Б 32 | 6153/62 | 2 | 0.00 | N: стар фонд Дата: 01.01.1962 | Книги |
| Изтеглен | Не е изгубен | Universal Decimal Classification | Не е повреден | без рестрикции | заемане за дома | 204050 | Регионална библиотека "Любен Каравелов" Русе | Регионална библиотека "Любен Каравелов" Русе | Заемна - подръчен фонд | 1962-01-01 | Заемна - подръчен фонд | 0.00 | 6156/62 | П 882-31/Б 32 | 6156/62 | 3 | 0.00 | N: стар фонд Дата: 01.01.1962 | Книги |
| Изтеглен | Не е изгубен | Universal Decimal Classification | Не е повреден | без рестрикции | заемане за дома | 204051 | Регионална библиотека "Любен Каравелов" Русе | Регионална библиотека "Любен Каравелов" Русе | Заемна - подръчен фонд | 1962-01-01 | Заемна - подръчен фонд | 0.00 | 6157/62 | П 882-31/Б 32 | 6157/62 | 4 | 0.00 | N: стар фонд Дата: 01.01.1962 | Книги |
| Изтеглен | Не е изгубен | Universal Decimal Classification | Не е повреден | без рестрикции | заемане за дома | 204052 | Регионална библиотека "Любен Каравелов" Русе | Регионална библиотека "Любен Каравелов" Русе | Заемна - подръчен фонд | 1962-01-01 | Заемна - подръчен фонд | 0.00 | 6164/62 | П 882-31/Б 32 | 6164/62 | 5 | 0.00 | N: стар фонд Дата: 01.01.1962 | Книги |
| Изтеглен | Не е изгубен | Universal Decimal Classification | Не е повреден | без рестрикции | заемане за дома | 204053 | Регионална библиотека "Любен Каравелов" Русе | Регионална библиотека "Любен Каравелов" Русе | Заемна - подръчен фонд | 1962-01-01 | Заемна - подръчен фонд | 0.00 | 6167/62 | П 882-31/Б 32 | 6167/62 | 6 | 0.00 | N: стар фонд Дата: 01.01.1962 | Книги |
| Изтеглен | Не е изгубен | Universal Decimal Classification | Не е повреден | без рестрикции | заемане за дома | 204054 | Регионална библиотека "Любен Каравелов" Русе | Регионална библиотека "Любен Каравелов" Русе | Заемна - подръчен фонд | 1962-01-01 | Заемна - подръчен фонд | 0.00 | 6168/62 | П 882-31/Б 32 | 6168/62 | 7 | 0.00 | N: стар фонд Дата: 01.01.1962 | Книги |